El periodista microempresario cuencano en la era online

Una de las principales preocupaciones de los estudiantes de Comunicación Social es dónde trabajar, ante la saturación de los medios de comunicación en Cuenca, pero una sala de prensa no es la única alternativa. En la década de los 60 y 70 se sembró la semilla de una nueva era: la digital. La Interne...

Full description

Bibliographic Details
Main Author: Toapanta, Alex
Format: Thesis Book
Language:Spanish
Subjects:
Online Access:http://nas.ucuenca.edu.ec/BibliotecaDigital/ebooks/tc273.pdf

MARC

LEADER 00000nam a2200000 a 4500
001 TC-273
005 20230308200517.0
008 011101|2011 ||||||||r|||||||||||spa||
040 |b spa 
041 1 |a spa 
100 1 |a Toapanta, Alex  |9 170293 
245 |a El periodista microempresario cuencano en la era online  |c Alex Toapanta. Director Hugo Guillermo  |h cd 
264 |a Cuenca  |c 2011 
300 |a CD  |b ilu  |c 18 cm 
502 |a Licenciado en Ciencias de la Educación. Especialidad Comunicación Social  |b Universidad de Cuenca  |c filo  |d Guillermo Ríos, Hugo, dir.  |e CIENCIAS DE LA COMUNICACION SOCIAL EN COMUNICACION ORGANIZACIONAL Y RELACIONES PUBLICAS 
520 3 |a Una de las principales preocupaciones de los estudiantes de Comunicación Social es dónde trabajar, ante la saturación de los medios de comunicación en Cuenca, pero una sala de prensa no es la única alternativa. En la década de los 60 y 70 se sembró la semilla de una nueva era: la digital. La Internet produjo cambios profundos en la comunicación y fue el artífice de los primeros periódicos en red: el Viewtel 202 y el Eastel. Cuando inició este fenómeno en Cuenca, El Tiempo y El Mercurio únicamente trasladaban la información impresa a la digital. Pronto esa práctica del periodismo online quedó vetusta y ahora actualizan su información constantemente. De a poco empezaron a proliferar nuevos portales como cuencanos.com y elmorlaco.com, cuyo empeño ha sido no solo informar al lector sino también atraerlo con videos, imágenes y audios. El uso de las redes sociales, sobre todo del twitter, ha sido fundamental para que estos medios hagan conocer sus portales, además de ofrecer noticias variadas e instantáneas, características del periodismo electrónico. La forma de generar ganancias también ha cambiado y hoy hablamos de marketing digital, el cual pretende ofertar un producto mediante banners, text link, rich media, entre otras alternativas para publicitar un producto. 
650 |a Tesis en comunicacion social  |9 1966 
650 |a Periodista microempresario  |9 170294 
650 4 |a Periodismo  |9 635 
650 0 |a Marketing  |9 1696 
852 |a UC-CDJBV  |c ESTANTERIA CERRADA  |f Donación  |k guillermina.martinez  |l 1  |m Limitada  |p 20111013  |q 1,00  |t TC-273  |b 1  |d CDRC  |e CDRC  |g  ESTANTERIA CERRADA  |u http://nas.ucuenca.edu.ec/BibliotecaDigital/ebooks/tc273.pdf  |z 2011-11-01 
856 |u http://nas.ucuenca.edu.ec/BibliotecaDigital/ebooks/tc273.pdf 
942 |c TS 
999 |c 92036  |d 92036